01476nam a2200361Ia 4500001001200000003000800012006001900020007001500039008004100054010001700095020002800112020001800140040002100158035002100179050002300200082001700223245010600240260005500346300002300401490005600424504005100480533015200531650004700683651003400730651005500764655002900819700002600848700002300874710001700897830005700914856012600971999001701097ebr10393005CaPaEBRm u cr cn|||||||||970812s1998 miua sb s001 0 eng d z 97036700  z0472108409 (alk. paper) z9780472086108 aCaPaEBRcCaPaEBR a(OCoLC)65956597414aHC240b.F62 1998eb04a337.1/4222100aForging an integrated Europeh[electronic resource] /cBarry Eichengreen and Jeffry Frieden, editors. aAnn Arbor :bUniversity of Michigan Press,cc1998. avi, 340 p. :bill.1 aMichigan studies in international political economy aIncludes bibliographical references and index. aElectronic reproduction.bPalo Alto, Calif. :cebrary,d2011.nAvailable via World Wide Web.nAccess may be limited to ebrary affiliated libraries. 0aMonetary unionszEuropean Union countries. 0aEuropexEconomic integration. 0aEuropean Union countriesxPolitics and government. 7aElectronic books.2local1 aEichengreen, Barry J.1 aFrieden, Jeffry A.2 aebrary, Inc. 0aMichigan studies in international political economy.40uhttp://site.ebrary.com/lib/rucke/Doc?id=10393005zAn electronic book accessible through the World Wide Web; click to view c89095d89095